Black-Colored Marvel Heroes by Picture - Statistics

General Stats
  • This quiz has been taken 31 times
  • The average score is 17 of 26
Answer Stats
Picture Answer % Correct
Black Panther
100%
Black Widow
100%
Punisher
100%
Spider-Man
100%
War Machine
100%
Storm
97%
Blade
93%
X-23
93%
Black Bolt
90%
Arachne
83%
Spider-Man Noir
76%
Cloak
72%
Maria Hill
72%
Agent Venom
69%
Black Knight
69%
Sunspot
66%
Hit-Monkey
59%
Puck
52%
Havok
48%
Northstar
38%
Arana
34%
Thunderbird
34%
Darkhawk
31%
Doorman
28%
Night Thrasher
24%
Maverick
21%
No matching quizzes found
Score Distribution
Percent of People with Each Score
Percentile by Number Answered
Your Score History
You have not taken this quiz